Pays sans les lettres de "CHINE" - Statistiques

Statistiques générales
  • Ce quiz a été pris 23 fois
    6 depuis la dernière actualisation
  • Le résultat moyen est 8 sur 12
Statistiques - réponses
Continents Pays % Correct
Europe Pays-Bas
83%
Europe Portugal
83%
Afrique Togo
83%
Amérique du Sud Uruguay
83%
Europe Kosovo
67%
Asie Laos
67%
Amérique du Sud Paraguay
67%
Océanie Palaos
50%
Asie Qatar
50%
Océanie Samoa
50%
Océanie Tuvalu
50%
Amérique du Nord Salvador
33%
Aucun quiz correspondant
Distribution des résultats
% des personnes avec chaque résultat
Percentile par nombre de réponses
Votre historique - résultats
Vous n’avez pas pris ce quiz depuis la dernière actualisation